header

Grid computing products and services (Record no. 211072)

MARC details
000 -LEADER
fixed length control field 01456nam a2200397Ia 4500
100 1# - MAIN ENTRY--AUTHOR NAME
Personal name Ferreira, Luis.
245 10 - TITLE STATEMENT
Title Grid computing products and services
260 ## - PUBLICATION, DISTRIBUTION, ETC. (IMPRINT)
Place of publication San Jose, CA :
Name of publisher IBM Corp., International Technical Support Organization,
Year of publication c2005.
300 ## - PHYSICAL DESCRIPTION
Number of Pages xxii, 226 p. :
Other physical details ill.
490 1# - SERIES STATEMENT
Series statement Redbooks
500 ## - GENERAL NOTE
General note "August 2005."
General note Includes index.
650 #0 - SUBJECT ADDED ENTRY--TOPICAL TERM
Topical Term Computational grids (Computer systems)
Topical Term Parallel processing (Electronic computers)
700 1# - ADDED ENTRY--PERSONAL NAME
Personal name Batista, Mariano.
Personal name Fibra, Sebastien.
Personal name Lee, Chin Yau.
Personal name Silva, Carlos Alexandre Queiroz.
Personal name Almeida, Joao.
Personal name Lucchese, Fabiano.
Personal name Keung, Nam.
856 40 - ELECTRONIC LOCATION AND ACCESS
Uniform Resource Identifier http://site.ebrary.com/lib/rucke/Doc?id=10112569

No items available.

© 2026 Rongo University
Contact us: librarian | system librarian | Rongo university